000 00651nam a2200241Ia 4500
003 OSt
005 20221007075814.0
006 a|||||r|||| 00| 0
007 ta
008 221006b |||||||| |||| 00| 0 eng d
024 _a43,264
037 _cTextual
040 _aFLL
_cFLL
_beng
041 _2eng
_aeng
082 _aZ2,211,45.P13, Q5
100 _aRamesh Jairam
245 0 _aLegislating for justice
260 _aNew Delhi
_bOxford university press India
_c2015
300 _a254 ix
_ccm.
700 _a Khan M.A.
942 _hZ2,211,45.P13, Q5
_cTEXL
_2CC
999 _c1157442
_d1157442